000 00563nam a2200181Ia 4500
003 GCL
008 140319s9999 xx 000 0 ara d
040 _aGCL /
_cGCL
082 0 4 _a923.573
_bب ى
100 1 _aبريسكو، جوزف
245 1 0 _aيوميات كولين باول /
_cبريسكو، جوزف
300 _a775 ص
490 _aالهيئة العامة للاستعلامات
_v0
650 0 4 _aالرجال - تراجم
650 0 4 _aباول, كولين
650 0 4 _aالعسكريون الامريكيون - تراجم
942 _2ddc
_cBK
999 _c48477
_d48477